000 00304 a2200157 4500
001 183272
020 _a
040 _cMagnum
100 _aUris, Leon
240 1 0 _aTopázio
_lpor
245 1 0 _aTopázio
300 _a397
362 0 _a1985
697 _aLITERATURA GERAL ESTRANGEIRA
942 _cBK
999 _c183272
_d183272